Central Library OPAC University of Rajshahi

A dictionary of eighteenth-century world history / (Record no. 59270)

MARC details
000 -LEADER
fixed length control field 00727nam a22002291a 4500
001 - CONTROL NUMBER
control field 59270
003 - CONTROL NUMBER IDENTIFIER
rucl marc code BD-RjUL
005 - DATE AND TIME OF LATEST TRANSACTION
control field 20211209080718.0
008 - FIXED-LENGTH DATA ELEMENTS--GENERAL INFORMATION
fixed length control field 161222s1994 -ukab||| |||| 00| 0 eng d
020 ## - INTERNATIONAL STANDARD BOOK NUMBER
International Standard Book Number 0631180680
035 ## - SYSTEM CONTROL NUMBER
System control number (BD-RjUL)59394
040 ## - CATALOGING SOURCE
Original cataloging agency BD-RjUL
Language of cataloging eng
Transcribing agency BD-RjUL
041 ## - LANGUAGE CODE
Language code of text/sound track or separate title eng
082 ## - DEWEY DECIMAL CLASSIFICATION NUMBER
Edition number 23
Classification number 909.703
Author mark and year DIC 1994
245 02 - TITLE STATEMENT
Title A dictionary of eighteenth-century world history /
Statement of responsibility, etc. Edited by Jeremy Black and Roy Porter.
260 ## - PUBLICATION, DISTRIBUTION, ETC. (IMPRINT)
Place of publication, distribution, etc. Oxford :
Name of publisher, distributor, etc. Blackwell Publishers,
Date of publication, distribution, etc. c1994.
300 ## - PHYSICAL DESCRIPTION
Pagination xvii, 880, [10] p. :
Illustrations ill. ;
Size 23 cm.
650 ## - SUBJECT ADDED ENTRY--TOPICAL TERM
Topical term or geographic name as entry element History, Modern
Chronological subdivision 18th Century
Form subdivision Dictionaries
9 (RLIN) 176361
700 ## - ADDED ENTRY--PERSONAL NAME
Personal name Black, Jeremy, ed.
Personal name Porter, Roy, Jt. ed.
942 ## - ADDED ENTRY ELEMENTS (KOHA)
Source of classification or shelving scheme Dewey Decimal Classification
Koha item type Reference
Holdings
Lost status Source of classification or shelving scheme Damaged status Not for loan Collection code Permanent Location Current Location Shelving location Date acquired Source of acquisition Cost, normal purchase price Total Checkouts Full call number Date last seen Copy number Koha item type
  Dewey Decimal Classification   Not For Loan Reference Central Library, University of Rajshahi Central Library, University of Rajshahi   24/06/1997 Paragon Enterprises Ltd., Dhaka. 4970.00   R 909.703 DIC 1994 22/12/2016 C-1 Reference